000 01270nam a22003254a 4500
001 ebr10218216
003 CaPaEBR
006 m u
007 cr cn|||||||||
008 080908s2004 enk sb 001 0 eng
010 _z 2004107216
020 _z1412901227
040 _aCaPaEBR
_cCaPaEBR
035 _a(OCoLC)298788771
050 1 4 _aLB2844.1.W6
_bB83 2004eb
082 0 4 _a371.14/12
_222
100 1 _aBubb, Sara.
245 1 0 _aManaging teacher workload
_h[electronic resource] :
_bwork-life balance and well-being /
_cSara Bubb and Peter Earley.
260 _aLondon :
_bPaul Chapman pub. ;
_aThousand Oaks, CA :
_bSAGE Publications,
_c2004.
300 _axiii, 129 p.
504 _aIncludes bibliographical references and index.
533 _aElectronic reproduction.
_bPalo Alto, Calif. :
_cebrary,
_d2013.
_nAvailable via World Wide Web.
_nAccess may be limited to ebrary affiliated libraries.
650 0 _aTeachers
_xWorkload.
650 0 _aTeachers
_xTime management.
650 0 _aClassroom management.
655 7 _aElectronic books.
_2local
700 1 _aEarley, Peter.
710 2 _aebrary, Inc.
856 4 0 _uhttp://site.ebrary.com/lib/rucke/Doc?id=10218216
_zAn electronic book accessible through the World Wide Web; click to view
999 _c232065
_d232065